Обзоры. Переводы. Рефераты. №351: Экспериментальные и теоретические исследования компоновки с треугольным крылом, имеющим профиль без кривизны или с кривизной в диапазоне чисел М от 2,0 до 10,7 (Запись № 1817432)

Подробности
000 -МАРКЕР
контрольное поле 01644nam2a22002771 4500
001 - ИДЕНТИФИКАТОР ЗАПИСИ
контрольное поле RU\NLR\INFOCOMM21\5000050185
005 - ИДЕНТИФИКАТОР ВЕРСИИ
контрольное поле 20250617032023.0
035 ## - ДРУГИЕ СИСТЕМНЫЕ НОМЕРА
Идентификатор записи (NLR Aleph) 002411152
100 ## - ДАННЫЕ ОБЩЕЙ ОБРАБОТКИ
Данные общей обработки 20050128d1971 |||y0rusy50 ca
101 0# - ЯЗЫК РЕСУРСА
Язык текста, звукозаписи и т.д. русский
102 ## - СТРАНА ПУБЛИКАЦИИ ИЛИ ПРОИЗВОДСТВА
Страна публикации российская федерация
105 ## - ПОЛЕ КОДИРОВАННЫХ ДАННЫХ: ТЕКСТОВЫЕ МАТЕРИАЛЫ, МОНОГРАФИЧЕСКИЕ
Кодированные данные о монографическом текстовом документе y ||||000|y
200 1# - ЗАГЛАВИЕ И СВЕДЕНИЯ ОБ ОТВЕТСТВЕННОСТИ
Основное заглавие Экспериментальные и теоретические исследования компоновки с треугольным крылом, имеющим профиль без кривизны или с кривизной в диапазоне чисел М от 2,0 до 10,7
Первые сведения об ответственности У. Нельмс и др.
210 ## - ПУБЛИКАЦИЯ, РАСПРОСТРАНЕНИЕ И ДР.
Дата издания, распространения и т.д. 1971
Место издания, распространения и т.д. Б. м.
225 1# - СЕРИЯ
Основное заглавие серии Переводы
423 #0 - ИЗДАЕТСЯ В ОДНОЙ ОБЛОЖКЕ ВМЕСТЕ С ...
Встроенное поле 2001#$aОколозвуковые профили, обтекаемые без скачков уплотнения$fР. Труитт
-- 700#1$aТруитт$bР.
Заглавие Околозвуковые профили, обтекаемые без скачков уплотнения
Автор Труитт, Р.
461 #0 - УРОВЕНЬ НАБОРА
Встроенное поле 001RU\NLR\INFOCOMM21\5000048626
-- 2001#$aОбзоры. Переводы. Рефераты$fЦАГИ. Бюро науч. информации$v№351
Системный номер (АБИС) связанной записи 3998302
Автор Центральный аэрогидродинамический институт им. Н. Е. Жуковского (Москва)
Место публикации [М.]
Дата публикации 1962-
Первые сведения об ответственности ЦАГИ. Бюро науч. информации
Заглавие Обзоры. Переводы. Рефераты
Номер тома №351
700 #1 - ИМЯ ЛИЦА - ПЕРВИЧНАЯ ОТВЕТСТВЕННОСТЬ
Начальный элемент ввода Нельмс
Часть имени, кроме начального элемента ввода У.
Код отношения Автор
801 #1 - ИСТОЧНИК ЗАПИСИ
Страна российская федерация
Организация InfoComm
Дата составления 20050131
801 #0 - ИСТОЧНИК ЗАПИСИ
Страна российская федерация
Организация NLR
Правила каталогизации PSBO
852 ## - МЕСТОНАХОЖДЕНИЕ И ШИФР ХРАНЕНИЯ
Идентификатор организации NLR
Шифр хранения (Call Number) П11/2256
942 ## - ДОПОЛНИТЕЛЬНЫЕ ЭЛЕМЕНТЫ ЗАПИСИ (АБИС)
Тип экземпляра АБИС Выпуск
980 ## - КОЛЛЕКЦИЯ
Название коллекции Национальная библиография
980 ## - КОЛЛЕКЦИЯ
Название коллекции Русская периодика

Нет доступных экземпляров.